00740nam a2200193 a 450000500170000000800410001702000180005805000220007610000240009824501040012226000390022630000290026550000590029452001260035352100070047965000190048665000180050565000230052320140310183409.0121029s19uu xx 00 eng d a9780240814353 aNC 780b.M38 2011 aMattesi, Michael D. aForce animal drawing :banimal locomotion and design concepts for animators /cMichael D. Mattesi. aWaltham, MA :bFocal Press,c2011. a195 p. :bill. ;c28 cm. aIncludes bibliographical references (p. 189) and index aProvides instructions on the techniques of drawing a variety of animals using the basics of animal locomotion and anatomy aMA aAnimals in art aMotion in art aDrawingxTechnique